UBT Library

DISCOVERING COMPUTERS (Record no. 59302)

000 -LEADER
fixed length control field 00311nam a22001457a 4500
008 - FIXED-LENGTH DATA ELEMENTS--GENERAL INFORMATION
fixed length control field 230206b ||||| |||| 00| 0 eng d
020 ## - INTERNATIONAL STANDARD BOOK NUMBER
International Standard Book Number 9781285453682
041 ## - LANGUAGE CODE
Language code of text/sound track or separate title eng
080 ## - UNIVERSAL DECIMAL CLASSIFICATION NUMBER
Universal Decimal Classification number 004
082 ## - DEWEY DECIMAL CLASSIFICATION NUMBER
Classification number 004FER
100 ## - Rafti
Rafti 18
101 ## - Shkurtesa
Shkurtesa SHKP
245 ## - TITLE STATEMENT
Title DISCOVERING COMPUTERS
Statement of responsibility, etc FREUND
942 ## - ADDED ENTRY ELEMENTS (KOHA)
Source of classification or shelving scheme
Item type Books
Holdings
Withdrawn status Lost status Source of classification or shelving scheme Damaged status Not for loan Collection code Permanent location Current location Date acquired Total Checkouts Full call number Barcode Date last seen Price effective from Koha item type
          Koleksioni i përgjithshem UBT - Lipjan UBT - Lipjan 02/06/2023   004FER 003-225 02/06/2023 02/06/2023 Books
UBT Library © 2015-2024. All rights reserved University Education for Business and Technology